00872nam a2200241 i 4500003000900000005001700009007000300026008004100029040003000070082001400100245006500114264009100179300002800270336002700298337003400325338002800359590002700387650005000414910000700464942001300471952012900484999001700613DO-SdBNP20241021094016.0ta241021s19? sp b 000 0 spa d aDO-SdBNPbspacBNPHUerda bW513t22200aTyrant Trujillo king cobra of the caribbean /cCornel Wesley 1aNew York :bAsociación Reivindicadora Dominicana del Exilio,cfecha no indentificada a16 páginas, c22 cm. atextobtxt2rdacontent asin mediación bn2rdamedia avolumenbnc2rdacarrier aInventariado, 2024/ DG 4aHoteles y pensionesvGuíaszEspaña986682 aDG 2ddccLF2 00102ddc51708PD-FaBNPHUbBNPHUcCTd2024-10-21edonaciónl0oBNPHU F-PD W513tp2024-6014r2024-10-21w2024-10-21yLF2 c57922d57922